000
00376nam a2200145Ia 4500
008
231129s1985||||xx |||||||||||||| ||spa||
020
_a
84-261-1548-9
040
_b
spa
082
_a
(i) 808.068543 B866b
100
_a
Broger Achim
245
0
_a
Buenos dias querida ballena
260
_c
1985
264
_a
Juventud
942
_2
ddc
_c
BKS
999
_c
6377
_d
6377